000
00270nam a2200109Ia 4500
008
200302s9999 xx 000 0 und d
100
_a
Barbara-Ann & Campbell- Lange
245
_a
Lautner - Disappearing Space
260
_b
Taschen GmbH
260
_c
2005
300
_a
96 P.,
999
_c
4287
_d
4287